Help for the teacher of written composition : new directions in research /

Bibliographic Details
Corporate Author: National Conference on Research in English
Other Authors: Lundsteen, Sara W.
Format: Book
Language:English
Published: Urbana, Ill. : ERIC Clearinghouse on Reading and Communication Skills, 1976.
Subjects:

MARC

Tag First Indicator Second Indicator Subfields
LEADER 00000cam a2200000 a 4500
001 in00000099234
005 20150924160054.0
008 760712s1976 ilu b 00000 eng d
010 |a  76010055  
035 |a (OCoLC)02307781 
035 |9 AAL0109AM 
040 |a BUF  |c BUF  |d OCL  |d m.c.  |d TXA  |d UtOrBLW 
049 |a TXAM  |c [1656010] 
090 |a LB1576  |b .H33 
245 0 0 |a Help for the teacher of written composition : new directions in research /  |c by a committee of the National Conference on Research in English ; Sara W. Lundsteen, editor [and others]. 
264 1 |a Urbana, Ill. :  |b ERIC Clearinghouse on Reading and Communication Skills,  |c 1976. 
300 |a viii, 72 pages ;  |c 23 cm. 
336 |a text  |b txt  |2 rdacontent 
337 |a unmediated  |b n  |2 rdamedia 
338 |a volume  |b nc  |2 rdacarrier 
504 |a Bibliography: pages 71-72. 
650 0 |a Language arts (Elementary) 
650 0 |a English language  |x Composition and exercises. 
650 0 |a English language  |x Study and teaching. 
700 1 |a Lundsteen, Sara W. 
710 2 |a National Conference on Research in English. 
999 |a MARS 
999 f f |s 1dd20257-e767-31c1-875a-85f40fc209f0  |i 49a98602-f80f-3306-958d-55f90a6d8e11  |t 0 
952 f f |p normal  |a Texas A&M University  |b College Station  |c Sterling C. Evans Library  |d Evans: Library Stacks  |t 0  |e LB1576 .H33  |h Library of Congress classification  |i unmediated -- volume  |m A14806294832 
998 f f |a LB1576 .H33  |t 0  |l Evans: Library Stacks